Reading and Documents on Ecowas (Record no. 3106)

MARC details
000 -LEADER
fixed length control field 00327nam a22001337a 4500
008 - FIXED-LENGTH DATA ELEMENTS--GENERAL INFORMATION
fixed length control field 250422b |||||||| |||| 00| 0 eng d
020 ## - INTERNATIONAL STANDARD BOOK NUMBER
ISBN 9782276251
100 ## - MAIN ENTRY--AUTHOR
Author AKINYEMI, A . B
245 ## - TITLE STATEMENT
Title Reading and Documents on Ecowas
260 ## - PUBLICATION, DISTRIBUTION, ETC. (IMPRINT)
Place of publication Lagos
Name of publisher N.I.O.I.A
Date of publication 1984
300 ## - COLLATION
Pagination xii, 779p.
942 ## - ADDED ENTRY ELEMENTS (KOHA)
Item type Books
050 ## - LIBRARY OF CONGRESS CALL NUMBER
Classification number HD1429
Item number .R43
Holdings
Source of classification or shelving scheme Not for loan Permanent location Current location Date acquired Accession No. Full call number Barcode. Koha item type
Library of Congress Classification   Samuel Ogbemudia Main Library, University of Abuja Samuel Ogbemudia Main Library, University of Abuja 04/22/2025 92-007235 HD1429.R43 2025-1520 Books
Library of Congress Classification   Samuel Ogbemudia Main Library, University of Abuja Samuel Ogbemudia Main Library, University of Abuja 04/22/2025 92-007235 HD1429.R43 2025-1521 Books